| 000 | 01291cam a2200325 a 4500 | ||
|---|---|---|---|
| 001 | 2467803 | ||
| 003 | ARRUPE | ||
| 005 | 20160928091249.0 | ||
| 008 | 920821s1989 rh 000 0 eng d | ||
| 010 | _a 89981421 | ||
| 020 | _a0908305028 | ||
| 035 | _a(OCoLC)21438303 | ||
| 040 |
_aMiEM _cMiEM _dDLC |
||
| 042 | _alccopycat | ||
| 043 | _af-sa--- | ||
| 050 | 0 | 4 |
_aJX1246 _b.I46 1989 |
| 245 | 0 | 4 |
_aThe Impact of economic sanctions against South Africa / _bthe Starnberger Institute ; foreword by Sir Shridath S. Ramphal. |
| 260 |
_aHarare : _bNehanda Publishers, _c1989. |
||
| 300 |
_aiv, 95 p. ; _c21 cm. |
||
| 490 | 1 |
_aSouthern African studies ; _v2 |
|
| 500 | _a"The economic impact of sanctions against South Africa"--Cover. | ||
| 650 | 0 |
_aSanctions (International law) _zSouth Africa. _926300 |
|
| 651 | 0 |
_aSouth Africa _xEconomic conditions _y1961-1991. _917879 |
|
| 710 | 2 |
_aStarnberger Institut zur Erforschung Globaler Strukturen, Entwicklungen und Krisen. _926301 |
|
| 740 | 0 | _aEconomic impact of sanctions against South Africa. | |
| 830 | 0 |
_aSouthern African studies (Harare, Zimbabwe) ; _v2. _926302 |
|
| 906 |
_a7 _bcbc _ccopycat _d4 _encip _f19 _gy-gencatlg |
||
| 942 |
_2lcc _cMONOGRAPH |
||
| 999 |
_c125384 _d125384 |
||